Language Quiz

Random Language or State Quiz
Score 0/15 Timer 06:00
1 Play Today
% Correct
y'all
96%
sneakers
90.7%
lawn
88.6%
garbage
83.7%
water fountain
76.7%
coke
76.5%
lightning bug
72.2%
freeway
68.2%
% Correct
crayfish
66.5%
hoagie
62.1%
catty
56.7%
scrap
47.1%
rummage
33.3%
rotary
18.6%
frontage
16.1%
Remove Ads.
Support Sporcle.
Get the best of Sporcle when you Go Orange. This ad-free experience offers more features, more stats, and more fun while also helping to support Sporcle. Thank you for becoming a member.

You're not logged in!

Compare scores with friends on all Sporcle quizzes.
OR
Log In

Show Comments

Extras

Top Quizzes Today


Score Distribution

Your Account Isn't Verified!

In order to create a playlist on Sporcle, you need to verify the email address you used during registration. Go to your Sporcle Settings to finish the process.

Report this User

Report this user for behavior that violates our Community Guidelines.

Details: